000 01059cad a22002055a 4500
001 L153101
008 110608s20110706xxk f 000 0 eng d
035 _a(Sirsi) u153101
041 0 _aeng
050 0 4 _a333.33 $2 18
110 2 _aLloyds Banking Group
_95822
245 0 0 _aHalifax house price index
_bMay 2011
_h[electronic resource]
260 _aLondon
_bLloydsbankinggroup
_c2011
520 _aUnited Kingdom house prices increased by 0.1% in May 2011 but prices in the three months to May were 1.2% lower than in the previous three months. Modest improvement in balance between supply and demand. Home sales remain subdued. Tentative signs of an improvement in activity. Slow improving economy and continuing low interest rates should support housing demand.
590 _aKA
651 4 _aUnited Kingdom
_y
690 _aPROPERTY-RESIDENTIAL PROPERTY-RESIDENTIAL PROPERTY MARKET
856 4 0 _uhttps://www.lloydsbankinggroup.com/media/pdfs/2011/HousePriceIndexMay2011.pdf
_zView this item free of charge at www.lloydsbankinggroup.com
942 _n0
999 _c112378
_d112378